| 000 | 03641cam a2200469 a 4500 | ||
|---|---|---|---|
| 001 | 6985783 | ||
| 003 | ARRUPE | ||
| 005 | 20150827143228.0 | ||
| 008 | 080624s2009 pau b 001 0 eng | ||
| 010 | _a 2008025562 | ||
| 020 | _a9780812220490 (alk. paper) | ||
| 020 | _a0812220498 (alk. paper) | ||
| 020 | _a9780812241129 | ||
| 020 | _a0812241126 | ||
| 024 | _a40016222797 | ||
| 035 | _a(OCoLC)ocn229036302 | ||
| 035 |
_a(OCoLC)229036302 _z(OCoLC)229036306 |
||
| 035 | _a(NNC)6985783 | ||
| 040 |
_aDLC _cDLC _dBTCTA _dBAKER _dYDXCP _dUKM _dC#P _dOrLoB-B |
||
| 043 | _afe----- | ||
| 050 | 0 | 0 |
_aJC571. _bM95 2002 |
| 082 | 0 | 0 |
_a323.06/0676 _222 |
| 100 |
_aMutua, Makau. _919006 |
||
| 245 | 0 | 0 |
_aHuman rights NGOs in East Africa : _bpolitical and normative tensions / _cedited by Makau Mutua. |
| 260 |
_aPhiladelphia : _bUniversity of Pennsylvania Press, _cc2009. |
||
| 300 |
_avii, 390 p. ; _c24 cm. |
||
| 490 | 1 | _aPennsylvania studies in human rights | |
| 504 | _aIncludes bibliographical references (p. [319]-365) and index. | ||
| 505 | 0 | 0 |
_tIntroduction / _rMakau Mutua -- _gPt. I. _tDefining Challenges to Civil Society in East Africa -- _gCh. 1. _tHuman Rights NGOs in East Africa: Defining the Challenges / _rMakau Mutua -- _gCh. 2. _tTo Whom, for What, and About What? The Legitimacy of Human Rights NGOs in Kenya / _rBetty K. Murungi -- _gPt. II. _tInterrogating NGO Mandates: Gender, Sexuality, and ESC Rights -- _gCh. 3. _tLaw, Sexuality, and Politics in Uganda: Challenges for Women's Human Rights NGOs / _rSylvia Tamale -- _gCh. 4. _tNGO Struggles for Economic, Social, and Cultural Rights in UTAKE: A Ugandan Perspective / _rJoe Oloka-Onyango -- _gCh. 5. _tFeminist Masculinity: Advocacy for Gender Equality and Equity / _rWilly Mutunga -- _gCh. 6. _tWomen's Advocacy: Engendering and Reconstituting the Kenyan State / _rJacinta K. Muteshi -- _gPt. III. _tDonors and. Grantees: Convergences and Divergences -- _gCh. 7. _tDonors and Human Rights NGOs in East Africa: Challenges and Opportunities / _rConnie Ngondi-Houghton -- _gCh. 8. _tContradictions in Neoliberalism: Donors, Human Rights NGOs, and Governance in Kenya / _rKaruti Kanyinga -- _gPt. IV. _tState/Civil Society Relations -- _gCh. 9. _tState and Civil Society Relations: Constructing Human Rights Groups for Social Change / _rLivingstone Sewanyana -- _gCh. 10. _tGovernance and Democracy in Kenya: Challenges for Human Rights NGOs / _rJ. Wanjiku Miano -- _gPt. V. _tNGO Institutional Case Studies -- _gCh. 11. _tThe African Women's Development and Communication Network: Pan-African Organizing in Human Rights / _rL. Muthoni Wanyeki -- _gCh. 12. _tSocial Transformation in Uganda: A Study of Grassroots NGOs / _rDani W. Nabudere -- _gPt. VI. _tSouth/South and North/South NGO Relations -- _gCh. 13. _tThe Death Penalty in East Africa: Law and Transnational Advocacy / _rMargaret A. Burnham -- _gCh. 14. _tDemocracy Organizations in Political Transitions: IDASA and the New South Africa / _rShaila Gupta and Alycia Kellman -- _tConclusion: Coming of Age: NGOs and State Accountability in East Africa / _rChris Maina Peter. |
| 650 | 0 |
_aHuman rights _zAfrica, Eastern. _919007 |
|
| 650 | 0 |
_aDemocratization _zAfrica, Eastern. _919008 |
|
| 650 | 0 |
_aNon-governmental organizations _zAfrica, Eastern. _919009 |
|
| 650 | 0 |
_aCivil society _zAfrica, Eastern. _919010 |
|
| 650 | 0 |
_aDemocracy _zAfrica, Eastern. _919011 |
|
| 651 | 0 |
_aAfrica, Eastern _xPolitics and government _y1960- _910170 |
|
| 700 | 1 |
_aMutua, Makau. _919006 |
|
| 830 | 0 |
_aPennsylvania studies in human rights. _919012 |
|
| 900 | _bTOC | ||
| 942 |
_2lcc _cMONOGRAPH |
||
| 948 | 1 |
_a20090128 _bc _cjv5 _dMPS |
|
| 948 | 2 |
_a20090624 _ba _cdc21 _dMPS |
|
| 999 |
_c123152 _d123152 |
||